Die größten Städte Deutschlands mit D - Statistiken

Allgemein
  • Dieses Quiz wurde 557 mal gespielt
  • Das Durchschnittsergebnis liegt bei 4 aus 13
Antwortstatistiken
Bundesland Stadt % Korrekt
Nordrhein-Westfallen Düsseldorf
95%
Sachsen Dresden
86%
Hessen Darmstadt
76%
Bayern Dachau
50%
Niedersachsen Delmenhorst
43%
Sachsen-Anhalt Dessau-Roßlau
36%
Saarland Dillingen (Saar)
28%
Mecklenburg-Vorpommern Demmin
13%
Baden-Württemberg Ditzingen
7%
Rheinland-Pfalz Diez
6%
Schleswig-Holstein Dahme (Holstein)
5%
Thüringen Drei Gleichen (Gemeinde)
3%
Brandenburg Doberlug-Kirchhain
2%
Keine übereinstimmenden Quizze gefunden
Verteilung der Resultate
Anzahl Personen mit jedem Resultat
Perzentil nach korrekt beantworteten Fragen
Ihre Resultats-Entwicklung
Sie haben dieses Quiz noch nicht gespielt